Súčasné možnosti antikocepcie

Bibliographic Details
Main Author: Nižňanská, Zuzana (Author)
Format: Article
Language:Slovak
ISSN:1336-4790
Subjects:

MARC

LEADER 00000nab a2200000 a 4500
001 vtls008416471
003 SK-MaSNL
005 20260303070020.0
008 141122c2005 xo 0 slo
015 |a SNBCL2005/5 
035 |a SLK034908 
040 |a SLKCL  |b slo  |c SNKBUCL  |e AACR2 
041 1 |a slo  |b eng  |b slo 
044 |a xo  |c SK 
080 |a 613.888:615.477.87:615.256.3/.5  |2 1981 
100 1 |a Nižňanská, Zuzana  |4 aut  |9 11820 
245 1 0 |a Súčasné možnosti antikocepcie  |c Zuzana Nižňanská 
246 1 0 |a Recent possibilities of contraception 
246 1 1 |a Recent possibilities of contraception 
504 |a Res. angl., slov. 
504 |a Bibliogr. odkazy 
650 0 7 |a antikoncepcia  |2 MESH  |9 2485 
650 0 7 |a kontraceptíva  |2 MESH  |9 15119 
650 0 7 |a telieska vnútromaternicové antikoncepčné  |x účinky nežiadúce  |2 MESH  |9 1066893 
650 0 7 |a sterilizácia žien  |2 SNKPH  |9 177498 
650 0 7 |a postkoitálna antikoncepcia  |2 MESH  |9 29484 
773 0 |t Via practica  |g Roč. 2, č. 7-8 s prílohou Gastroenterológia (2005), s. 290-293  |x 1336-4790 
850 |a Slovenská lekárska knižnica v Bratislave  |a BA006 
852 |a BA006  |b KIS3GCP  |b 000500000 
999 |c 1753570  |d 1755500